| 000 | 00939nam a2200301Ia 4500 | ||
|---|---|---|---|
| 003 | EC-GqESP | ||
| 005 | 20251105121537.0 | ||
| 008 | 250425s9999 xx 000 0 und d | ||
| 010 | _a51201 | ||
| 020 | _a9701703898 | ||
| 041 | _aspa | ||
| 043 | _amx | ||
| 082 |
_a519.5 _pFRE |
||
| 100 | _aFreund, John E. | ||
| 245 | 0 |
_aEstadística Matemática con Aplicaciones _cJohn E. Freund; Irwin Miller; Marylees Miller; Traductor, Rosendo Sánchez Palma |
|
| 250 | _a6a. edición | ||
| 260 |
_aMéxico _bPEARSON EDUCACION _c2000 |
||
| 300 |
_a624 p. _c23.5 cm. |
||
| 500 | _aContenido, apéndice, tablas estadísticas, índice | ||
| 650 | _aEstadística Matemática | ||
| 650 | _aMuestreo (Estadística) | ||
| 650 | _aProbabilidades-Matemáticas | ||
| 650 | _aVariables Aleatorias | ||
| 700 |
_aMiller, Irwin _eCoautor |
||
| 700 |
_aMiller, Marylees _eCoautor |
||
| 700 |
_aSánchez Palma, Rosendo _eTraductor |
||
| 942 | _c01 | ||
| 999 |
_c222742 _d222742 |
||